Statystyki dla flagi państwa pl bardzo trudne dla geomexa

Kliknij tutaj aby rozwiązać quiz!

Ogólne statystyki

  • Ten quiz został rozwiązany 231 razy
  • Średni wynik to 6 z 7

Statystyki odpowiedzi

Odpowiedź% Poprawnych
Liechtenstein
100%
Andora
98%
Palau
89%
Jordania
87%
Timor wschodni
85%
Komory
84%
Gambia
80%

Rozkład punktacji

Percentyl według liczby udzielonych odpowiedzi

Procent ludzi z każdym wynikiem

Twoja historia wyników

Nie rozwiązałeś tego quizu